Epítome de las historias filípicas de Pompeyo Trogo
Saved in:
| Hovedforfatter: | |
|---|---|
| Format: | Bog |
| Sprog: | spansk |
| Udgivet: |
Madrid
Gredos
1995
|
| Serier: | Biblioteca Clásica Gredos, 212
|
| Fag: | |
| Tags: |
Tilføj Tag
Ingen Tags, Vær først til at tagge denne postø!
|
MARC
| LEADER | 00000nam a2200000 a 4500 | ||
|---|---|---|---|
| 001 | UCJ0035 | ||
| 003 | CL-VaPUC | ||
| 008 | 060623e19950000SP |||||||||||||||||spa|d | ||
| 020 | |a 842491788X | ||
| 082 | 0 | 4 | |a 937.06 |b JUS |2 21 |
| 100 | |a Justino |e author |9 517247 | ||
| 245 | 1 | 0 | |a Epítome de las historias filípicas de Pompeyo Trogo |
| 246 | 1 | 0 | |a Prólogos |
| 246 | 1 | 0 | |a Fragmentos |
| 300 | |a 626 p | ||
| 942 | |c BK | ||
| 945 | |d 20060623 00:00:00 |a jtorresc | ||
| 260 | |a Madrid |b Gredos |c 1995 | ||
| 600 | 0 | 7 | |a POMPEYO |2 CL-VaPUC |9 387297 |
| 650 | 0 | |a Historia |9 255047 | |
| 650 | 0 | |a Imperio Romano |9 322785 | |
| 650 | 0 | |a Historia antigua |9 267521 | |
| 651 | 0 | |a Roma |9 255106 | |
| 583 | |a last modification |c 20130305 12:42:55 |k Rodrigo Vera | ||
| 490 | 0 | |a Biblioteca Clásica Gredos, 212 | |
| 999 | |c 317026 |d 317024 | ||
| 952 | |0 0 |1 0 |4 0 |6 937_060000000000000_JUS_1995 |7 0 |8 X |9 392696 |a BIBHIS |b BIBHIS |d 2019-11-22 |i 4234960 |l 2 |o 937.06 JUS 1995 |p 4234960 |r 2024-01-30 |s 2022-07-19 |w 2019-11-22 |y BK_X |k HIS | ||